[Event "ch-NED Open"]
[Site "Dieren NED"]
[Date "2003.07.31"]
[Round "9"]
[White "Levin,F"]
[Black "Van der Werf,M"]
[Result "0-1"]
[WhiteElo "2520"]
[BlackElo "2423"]

1.c4 e6 2.Nf3 d5 3.d4 c6 4.Qc2 Nf6 5.Nbd2 c5 6.dxc5 Bxc5 7.cxd5 Qc7 8.e3 Nxd5
9.Bc4 Be7 10.a3 O-O 11.Bd3 Qxc2 12.Bxc2 b6 13.e4 Nf4 14.g3 Ng6 15.Nd4 Ba6
16.N2f3 Rc8 17.e5 Bb7 18.Bxg6 hxg6 19.O-O Nd7 20.Rd1 Bd5 21.Bf4 Nc5 22.h4 Na4
23.Rd2 Rc5 24.Ne1 a6 25.Be3 Rc7 26.Nd3 Rac8 27.f4 Be4 28.Nf2 Bb7 29.Rad1 Rc1
30.Nd3 Rxd1+ 31.Rxd1 Be4 32.Nf2 Nxb2 33.Rc1 Bb7 34.Rxc8+ Bxc8 35.Nc6 Bxa3
36.Bxb6 Bd7 37.Na5 Bb4 38.Ne4 Na4 39.Bc7 Nc3 40.Nxc3 Bxc3 41.Bb6 Be1 42.Kg2 Bb5
43.Kf3 Kf8 44.Bc5+ Ke8 45.Bb6 Kd7 46.Kg2 Bc6+ 47.Kh3 Bd5 48.Kh2 Kc8 49.Kh3 Bb4  0-1

[Event "Hilton Premier"]
[Site "Blackpool ENG"]
[Date "2003.08.04"]
[Round "1"]
[White "McNab,C"]
[Black "Davies,N"]
[Result "0-1"]
[WhiteElo "2395"]
[BlackElo "2482"]

1.c4 e6 2.Nf3 d5 3.b3 c5 4.e3 Nc6 5.g3 Be7 6.Bb2 d4 7.exd4 cxd4 8.Bg2 Nh6
9.O-O O-O 10.Re1 f6 11.d3 Nf7 12.Na3 e5 13.Nc2 Bg4 14.h3 Bd7 15.Qd2 Rb8 16.b4 b5
17.cxb5 Rxb5 18.a4 Rxb4 19.Nxb4 Bxb4 20.Qc2 Bxe1 21.Nxe1 Qb6 22.Ba3 Rc8 23.Rb1 Qa5
24.Qc5 Qxc5 25.Bxc5 Ncd8 26.Bxa7 Bxa4 27.Bd5 Bd7 28.h4 Be6 29.Bf3 h6 30.Bb6 Rb8
31.Rb2 Rc8 32.Rc2 g5 33.Rxc8 Bxc8 34.Bd5 Kg7 35.hxg5 hxg5 36.Bxf7 Nxf7 37.f4 Kg6
38.fxe5 fxe5 39.Kf2 Kf5 40.Nf3 Ba6 41.Ne1 Nh6 42.Bc7 Ng4+ 43.Kf3 Ne3 44.Kf2 g4
45.Bb8 Ke6 46.Bc7 Kd5 47.Bb8 Nf5 48.Bc7 Bb5 49.Bb8 Ne7 50.Bc7 Nc6 51.Ke2 e4
52.Kd2 e3+ 53.Ke2 Nb4 54.Ba5 Nxd3 55.Nxd3 Ke4  0-1

[Event "US Open"]
[Site "Los Angeles USA"]
[Date "2003.08.13"]
[Round "10"]
[White "Gonzales,Jay"]
[Black "Shabalov,A"]
[Result "0-1"]
[WhiteElo "2405"]
[BlackElo "2575"]

1.c4 e6 2.Nf3 d5 3.d4 Nf6 4.cxd5 exd5 5.Nc3 g6 6.Bg5 Bg7 7.e3 O-O 8.Bd3 Nc6
9.h3 Ne7 10.Qb3 c6 11.O-O Nh5 12.Rfe1 h6 13.Bf4 Nxf4 14.exf4 Qd6 15.Re2 Nf5
16.Bxf5 Bxf5 17.Ne5 f6 18.Nf3 Rf7 19.Rae1 Bf8 20.g3 Bxh3 21.Nh4 g5 22.Ng6 Bf5
23.Nxf8 Raxf8 24.fxg5 fxg5 25.Re8 Qf6 26.Rxf8+ Kxf8 27.Qb4+ Kg7 28.Nd1 Be4
29.Re3 Bc2  0-1

[Event "9th Open"]
[Site "Pilsen-Lobzy CZE"]
[Date "2003.08.17"]
[Round "2"]
[White "Pribyl,Jo"]
[Black "Sochor,S"]
[Result "1/2-1/2"]
[WhiteElo "2393"]
[BlackElo "2141"]

1.c4 e6 2.Nf3 d5 3.b3 Nf6 4.g3 Be7 5.Bg2 O-O 6.O-O c5 7.Bb2 Nc6 8.e3 b6 9.Nc3 Ba6
10.d3 Rc8 11.Qe2 Qc7 12.Rfd1 Rfd8 13.Rac1 Qb8 14.h4 h6 15.Nb5 Ne8 16.Nh2 Bf6
17.Bxf6 Nxf6 18.g4 Nh7 19.Nf1 Ne7 20.h5 Bb7 21.d4  1/2-1/2

[Event "ADCF Masters"]
[Site "Abu Dhabi UAE"]
[Date "2003.08.23"]
[Round "7"]
[White "Neverov,V"]
[Black "Vasilevich,T"]
[Result "1-0"]
[WhiteElo "2566"]
[BlackElo "2431"]

1.c4 e6 2.Nf3 d5 3.g3 Nf6 4.Bg2 Be7 5.O-O O-O 6.b3 b6 7.cxd5 exd5 8.d4 Bb7
9.Nc3 Nbd7 10.Bb2 Re8 11.Rc1 c6 12.Re1 Bd6 13.Nd2 Rc8 14.e4 dxe4 15.Ndxe4 Be7
16.Rc2 Nd5 17.Bh3 g6 18.a3 f5 19.Nd2 c5 20.Nxd5 Bxd5 21.Nc4 Nf6 22.dxc5 Bxc4
23.Rxc4 Qxd1 24.Rxd1 Rxc5 25.Rxc5 bxc5 26.Bf1 Rd8 27.Re1 Kf8 28.Bc1 Ng8 29.Bc4 Bf6
30.Kg2 Rd7 31.Re6 Bd4 32.Bf4 Kg7 33.Ra6 Nf6 34.Bb8 Ng4 35.Rxa7 Rxa7 36.Bxa7 Nxf2
37.a4 Ne4 38.a5 Nd6 39.a6 Nc8 40.Bb8 Nb6 41.a7 Kf6 42.Bd5 c4 43.bxc4  1-0

[Event "ADCF Masters"]
[Site "Abu Dhabi UAE"]
[Date "2003.08.24"]
[Round "8"]
[White "Nadir,S"]
[Black "Al Tamimi,H"]
[Result "1-0"]
[WhiteElo "2171"]
[BlackElo "2193"]

1.c4 e6 2.Nf3 d5 3.b3 Be7 4.Bb2 Bf6 5.d4 dxc4 6.bxc4 c5 7.e4 cxd4 8.e5 Bxe5
9.Nxe5 Qa5+ 10.Nd2 Qxe5+ 11.Be2 Nc6 12.O-O Qc7 13.Nb3 Nf6 14.Nxd4 Nxd4 15.Qxd4 Bd7
16.Rfd1 Bc6 17.Qh4 Qe7 18.Qg3 Nd7 19.Ba3 Qf6 20.Qc7 Rd8 21.Rab1 Qg5 22.Bf1 h5
23.Rd4 h4 24.Rbd1 Qf6 25.Be2 Qg5 26.Bf1 Qf6 27.Rf4 Qe5 28.Rxd7  1-0

[Event "Open"]
[Site "Vienna AUT"]
[Date "2003.08.24"]
[Round "9"]
[White "Stanec,N"]
[Black "Hoelzl,F"]
[Result "1-0"]
[WhiteElo "2560"]
[BlackElo "2354"]

1.c4 e6 2.Nf3 d5 3.b3 c5 4.g3 Nc6 5.Bg2 d4 6.O-O Nge7 7.d3 Nf5 8.Na3 Be7
9.Nc2 O-O 10.a3 a5 11.Bd2 Bd7 12.Qb1 Ra6 13.b4 axb4 14.axb4 Nxb4 15.Rxa6 Nxa6
16.Qxb7 Bc8 17.Qb3 Bd6 18.Ra1 Bc7 19.Ra4 h6 20.Na3 Nd6 21.Ne5 Ne4 22.Bxe4 Bxe5
23.Nb5 f5 24.Bf3 Qb6 25.Nxd4 Qd6 26.Nb5 Qb6 27.Bc3 Bxc3 28.Qxc3  1-0

[Event "23rd Open"]
[Site "Bratto ITA"]
[Date "2003.08.25"]
[Round "5"]
[White "Borgo,G"]
[Black "Dittmar,P"]
[Result "1/2-1/2"]
[WhiteElo "2423"]
[BlackElo "2349"]

1.c4 e6 2.Nf3 d5 3.d4 Nf6 4.Bg5 dxc4 5.Qa4+ Bd7 6.Qxc4 c5 7.dxc5 Qc8 8.Nbd2 Qxc5
9.Qxc5 Bxc5 10.Rc1 Be7 11.Ne5 Nc6 12.Nxc6 Bxc6 13.f3 Nd5 14.Bxe7  1/2-1/2

[Event "1st League TCh-SCG"]
[Site "Budva SCG"]
[Date "2003.08.30"]
[Round "2"]
[White "Nikcevic,N"]
[Black "Petronijevic,Z"]
[Result "1/2-1/2"]
[WhiteElo "2446"]
[BlackElo "2408"]

1.c4 e6 2.Nf3 d5 3.d4 Nf6 4.Nc3 Be7 5.g3 O-O 6.Bg2 dxc4 7.Ne5 Nc6 8.Bxc6 bxc6
9.Nxc6 Qe8 10.Nxe7+ Qxe7 11.Qa4 c5 12.Qxc4 cxd4 13.Qxd4 e5 14.Qh4 Rb8 15.O-O Rb4  1/2-1/2

[Event "ch-ROM"]
[Site "Satu Mare ROM"]
[Date "2003.09.01"]
[Round "1.1"]
[White "Marin,M"]
[Black "Danilov,I"]
[Result "1-0"]
[WhiteElo "2539"]
[BlackElo "2357"]

1.c4 e6 2.Nf3 d5 3.b3 Be7 4.Bb2 Bf6 5.Qc1 Bxb2 6.Qxb2 Nf6 7.g3 O-O 8.Bg2 b6
9.O-O Bb7 10.d4 Nbd7 11.Rd1 Qe7 12.Nc3 dxc4 13.bxc4 c5 14.d5 exd5 15.cxd5 Ne4
16.Nxe4 Qxe4 17.Qb5 Qe8 18.a4 Rd8 19.Nh4 Nf6 20.Qc4 Qe5 21.e4 g5 22.f4 gxf4
23.Ra3 fxg3 24.Rxg3+ Kh8 25.Nf3 Qxe4 26.Qc3 Rd6 27.Ng5 Qxa4 28.Bf3 Qf4 29.Be4 Ba6
30.Bg2 Be2 31.Rd2 Bh5 32.Ne4 Bg6 33.Rf2 Qxf2+ 34.Kxf2 Bxe4 35.Bxe4 Re8 36.Bf3 h6
37.Qc4 Nh7 38.Qg4 Rg6 39.Qd7 Rf8 40.Qe7 c4 41.Be4 Rxg3 42.hxg3 f5 43.Bc2  1-0

[Event "1st League TCh-SCG"]
[Site "Budva SCG"]
[Date "2003.09.02"]
[Round "5"]
[White "Damljanovic,B"]
[Black "Kosic,D"]
[Result "1-0"]
[WhiteElo "2589"]
[BlackElo "2512"]

1.c4 e6 2.Nf3 d5 3.d4 c6 4.Nbd2 Nf6 5.g3 Nbd7 6.Bg2 Bd6 7.O-O O-O 8.Qc2 Qe7
9.Re1 e5 10.cxd5 cxd5 11.e4 dxe4 12.Nxe4 Nxe4 13.Qxe4 Re8 14.dxe5 Nxe5 15.Nxe5 Qxe5
16.Qxe5 Bxe5 17.Bf4 f6 18.Bxe5 Rxe5 19.Rxe5 fxe5 20.b3 Kf7 21.Rc1 Rb8 22.Rc7+ Kf6
23.h4 b5 24.Rxa7 Bf5 25.Ra6+ Ke7 26.Bf3 b4 27.Be2 Rd8 28.Kf1 Rd2 29.Ke1 Rb2
30.Ra4 h6 31.Rxb4 Rxa2 32.Rb7+ Kf6 33.Rb6+ Ke7 34.Bc4 g6 35.Rb5 e4 36.Rd5 Rb2
37.Rd2 Rb1+ 38.Ke2 Kf6 39.Ke3 Ke5 40.Rd5+ Kf6 41.Rb5 Rb2 42.Rb6+ Ke5 43.Rb5+ Kf6
44.Ra5 h5 45.Rd5 Rb1 46.Rb5 Rb2 47.b4 Rc2 48.Rc5 Rc3+ 49.Kd4 Rc2 50.b5 Rxf2
51.b6 Rb2 52.Rb5 Rxb5 53.Bxb5 Bc8 54.Kxe4 g5 55.hxg5+ Kxg5 56.Ke5 Bb7 57.Kd6 Kg4
58.Kc7 Bf3 59.Bc6 Kxg3 60.Bxf3 Kxf3 61.b7  1-0

[Event "LXXVII ch-ARG"]
[Site "Tres de Febrero ARG"]
[Date "2003.09.04"]
[Round "2"]
[White "Giardelli,S"]
[Black "Musanti,D"]
[Result "1/2-1/2"]
[WhiteElo "2437"]
[BlackElo "2311"]

1.c4 e6 2.Nf3 d5 3.g3 dxc4 4.Bg2 Nf6 5.O-O Be7 6.Qa4+ Nbd7 7.Qxc4 a6 8.Qc2 c5
9.b3 O-O 10.Bb2 Qc7 11.b4 b5 12.bxc5 Qxc5 13.Qxc5 Bxc5 14.d4 Bd6 15.Ne5 Ra7
16.Nc6 Rc7 17.Rc1 Nb8 18.Nd2 Nxc6 19.Bxc6 Rd8 20.Nb3 Bd7 21.Bg2 Rdc8 22.e4 Bf8
23.Rxc7 Rxc7 24.Rc1 Rxc1+ 25.Bxc1 Bc6 26.f3 Nd7 27.Kf2 f5 28.Ke3 g6 29.d5 exd5
30.exf5 Ne5 31.fxg6 hxg6 32.Kd4 Nd7 33.f4 Bg7+ 34.Kd3 Kf7 35.Ba3 Nb6 36.Bc5 Nc4
37.Bd4 Bf8 38.Bh8 Bd6 39.Ba1 Bf8 40.Bd4 a5 41.Bh8 b4 42.Nd4 Bb7 43.Nc2  1/2-1/2

[Event "It"]
[Site "Poitou Charentes FRA"]
[Date "2003.09.06"]
[Round "1"]
[White "Velikov,P"]
[Black "David,Vi"]
[Result "1/2-1/2"]
[WhiteElo "2448"]
[BlackElo "2333"]

1.c4 e6 2.Nf3 d5 3.g3 dxc4 4.Qa4+ Nd7 5.Bg2 a6 6.Qxc4 b5 7.Qc2 Bb7 8.O-O Ngf6
9.b3 Be7 10.Bb2 O-O 11.d3 c5 12.Nbd2 Qb6 13.Rac1 Rac8 14.Qb1 Rfd8 15.Rc2 Nd5
16.a3 Bf6 17.Rd1 Bxb2 18.Qxb2 N5f6 19.Ng5 Bxg2 20.Kxg2 Qb7+ 21.Kg1 Qd5 22.Ngf3 Ra8
23.Qc3 h6 24.Kg2 Rdb8 25.Rdc1 Qb7 26.b4 cxb4 27.axb4 a5 28.bxa5 b4 29.Qc7 Qxc7
30.Rxc7 Rxa5 31.Nc4 Rc5 32.Rxc5 Nxc5 33.Nfe5 Rd8 34.Nb2 Nb3 35.Rc7 Ra8 36.Rb7 Ra2
37.Nec4 Nd2 38.Rxb4  1/2-1/2

[Event "1st Misr Closed"]
[Site "Cairo EGY"]
[Date "2003.09.07"]
[Round "8"]
[White "Kveinys,A"]
[Black "Adly,A"]
[Result "1/2-1/2"]
[WhiteElo "2539"]
[BlackElo "2429"]

1.c4 e6 2.Nf3 d5 3.d4 Nf6 4.Nc3 Nbd7 5.cxd5 exd5 6.Bg5 c6 7.e3 Be7 8.Bd3 O-O
9.Qc2 Re8 10.h3 Nf8 11.Bf4 Ng6 12.Bh2 Bb4 13.O-O-O Qa5 14.Nd2 Bxc3 15.bxc3 c5
16.Qb2 c4 17.Bc2 Re6 18.a4 Bd7 19.Qxb7 Rc8 20.Qb4 Qd8 21.Rdg1 Rb6 22.Qa3 Ra6
23.Kd1 Qe8 24.Ke2 Nh5 25.Bxg6 hxg6 26.g4 Bxa4 27.Ra1 Bd1+ 28.Rhxd1 Rxa3 29.Rxa3 Nf6
30.f3 Qe7 31.Rda1 Re8 32.Bf4 Nd7 33.Nf1 Qh4 34.Rxa7 Qxh3 35.Rxd7 Qg2+ 36.Ke1 Qxf3
37.Be5 f6 38.Raa7 fxe5  1/2-1/2

[Event "TCh-CRO"]
[Site "Rabac CRO"]
[Date "2003.09.08"]
[Round "2"]
[White "Stohl,I"]
[Black "Kovacevic,B"]
[Result "1/2-1/2"]
[WhiteElo "2556"]
[BlackElo "2454"]

1.c4 e6 2.Nf3 d5 3.d4 Nf6 4.g3 Bb4+ 5.Bd2 Bxd2+ 6.Nbxd2 O-O 7.Bg2 Nbd7 8.Qc2 c6
9.O-O b6 10.e4 Bb7 11.e5 Ne8 12.cxd5 cxd5 13.Rfe1 a5 14.Bf1 Rc8 15.Qb3 Nc7
16.Rac1 Na6 17.Nb1 Qe7 18.Nc3 Nab8 19.Nb5 Ba6 20.Nd6 Rxc1 21.Rxc1 f6 22.Bxa6 Nxa6
23.Qe3 fxe5 24.dxe5 Nac5 25.Nd4 Nxe5 26.Qxe5  1/2-1/2

[Event "LXXVII ch-ARG"]
[Site "Tres de Febrero ARG"]
[Date "2003.09.08"]
[Round "6"]
[White "Nogues,A"]
[Black "Musanti,D"]
[Result "1-0"]
[WhiteElo "2235"]
[BlackElo "2311"]

1.c4 e6 2.Nf3 d5 3.d4 Nf6 4.Nc3 Be7 5.cxd5 exd5 6.Bg5 O-O 7.e3 c6 8.Bd3 Nbd7
9.Qc2 Re8 10.O-O Nf8 11.Rab1 a5 12.a3 Be6 13.Ne5 N6d7 14.Bxe7 Qxe7 15.Nxd7 Bxd7
16.Na4 g6 17.Qc5 Qg5 18.Qd6 Bf5 19.Bxf5 Qxf5 20.Rbc1 Ne6 21.Nc5 Nxc5 22.Rxc5 Qd3
23.Rfc1 Qb3 24.R5c2 a4 25.Qc5 Ra6 26.h3 Rb6 27.Qa5 Ra6 28.Qd2 Rb6 29.Qa5 Qb5
30.Qd2 Ra8 31.Qe2 Ra5 32.Qg4 Ra8 33.Qe2 Ra5 34.Qg4 Ra8 35.Rd2 Qa5 36.Rcc2 Rb3
37.Qe2 Qd8 38.Rd3 Rb5 39.Rdc3 Ra6 40.Qxb5 cxb5 41.Rc8 Qxc8 42.Rxc8+ Kg7 43.Rd8 b4
44.Rxd5 bxa3 45.bxa3 Rb6 46.Rd7 Kf6 47.d5 Rb3 48.e4 b5 49.Rb7 Ke5 50.f3 f5
51.Re7+ Kd6 52.Re6+ Kd7 53.e5 Rxa3 54.Rb6 Rb3 55.e6+ Kc7 56.e7 Re3 57.Re6  1-0

[Event "It"]
[Site "Poitou Charentes FRA"]
[Date "2003.09.09"]
[Round "4"]
[White "Onkoud,A"]
[Black "David,Vi"]
[Result "1-0"]
[WhiteElo "2314"]
[BlackElo "2333"]

1.c4 e6 2.Nf3 d5 3.b3 d4 4.Bb2 c5 5.d3 Nc6 6.e4 Nf6 7.g3 Be7 8.Bg2 O-O 9.Qe2 Rb8
10.O-O a6 11.Nbd2 Nd7 12.Rfe1 b5 13.h3 Qc7 14.Nh2 Nb4 15.Ndf1 bxc4 16.dxc4 d3
17.Qh5 Nc2 18.Ng4 f6 19.Nfe3 Nxa1 20.Rxa1 Qd8 21.Nh2 Ne5 22.f4 Nc6 23.Qd1 Nd4
24.Kf2 Nc2 25.Nxc2 dxc2 26.Qxc2 a5 27.Rd1 Qb6 28.Rd3 Rd8 29.Re3 a4 30.Nf3 Qa7
31.g4 axb3 32.axb3 Qc7 33.e5 Qd7 34.Bf1 Qd1 35.Qc3 Bb7 36.Be2 Qh1 37.f5 exf5
38.g5 f4 39.exf6 fxe3+ 40.Qxe3 Bxf6 41.Qe6+ Kh8 42.gxf6 gxf6 43.Qxf6+ Kg8
44.Qe6+ Kf8 45.Qf5+ Ke8 46.Bf6 Rd6 47.Qe5+ Kd7 48.Qe7+ Kc6 49.Ne5+ Kb6 50.Qxd6+  1-0

[Event "LXXVII ch-ARG"]
[Site "Tres de Febrero ARG"]
[Date "2003.09.09"]
[Round "7"]
[White "Giardelli,S"]
[Black "Soppe,G"]
[Result "1/2-1/2"]
[WhiteElo "2437"]
[BlackElo "2467"]

1.c4 e6 2.Nf3 d5 3.b3 Be7 4.Bb2 Nf6 5.g3 O-O 6.Bg2 c5 7.e3 Nc6 8.O-O dxc4
9.bxc4 Qb6 10.Qb3 Na5 11.Qxb6 axb6 12.Rc1 Rd8 13.d4 Bd7 14.Ne5 Be8 15.Nd2 Nc6
16.Nb3 cxd4 17.exd4 Ba3 18.Bxa3  1/2-1/2

[Event "TCh-CRO"]
[Site "Rabac CRO"]
[Date "2003.09.11"]
[Round "5"]
[White "Hracek,Z"]
[Black "Dugandzic,B"]
[Result "1-0"]
[WhiteElo "2584"]
[BlackElo "2254"]

1.c4 e6 2.Nf3 d5 3.d4 c5 4.cxd5 exd5 5.Nc3 Nc6 6.g3 Nf6 7.Bg2 Be7 8.O-O O-O
9.Bg5 cxd4 10.Nxd4 h6 11.Bf4 Bg4 12.h3 Be6 13.Nxe6 fxe6 14.e4 d4 15.e5 dxc3
16.exf6 Qxd1 17.Rfxd1 Bxf6 18.bxc3 Bxc3 19.Rac1 e5 20.Bxh6 Nd4 21.Kf1 Rac8
22.Bxb7 Rc5 23.Bd2 Rb5 24.Be4 Bb2 25.Rc7 Nf5 26.Bxf5 Rxf5 27.Be3 Bd4 28.Bxd4 exd4
29.Rd2 Rb1+ 30.Kg2 Ra5 31.Rxd4 Rxa2 32.Rdd7 Rbb2 33.Rxg7+ Kh8 34.Rgf7 Kg8
35.h4  1-0

[Event "TCh-CRO"]
[Site "Rabac CRO"]
[Date "2003.09.13"]
[Round "7"]
[White "Mohr,G"]
[Black "Dugandzic,B"]
[Result "1-0"]
[WhiteElo "2474"]
[BlackElo "2254"]

1.c4 e6 2.Nf3 d5 3.g3 Nf6 4.Bg2 c5 5.O-O Nc6 6.e3 Be7 7.b3 O-O 8.Bb2 dxc4
9.bxc4 Nd7 10.Na3 Bf6 11.d4 Qe7 12.Qb3 b6 13.Ne5 Na5 14.Qa4 Rb8 15.Ng4 Bb7
16.Bxb7 Rxb7 17.Bc3 cxd4 18.exd4 Rc8 19.Nxf6+ Qxf6 20.Rac1 Qf5 21.c5 Nf6
22.Bxa5 bxa5 23.Nc4 Ne4 24.f3 Nxc5 25.Nd6 Qd5 26.Rxc5  1-0

[Event "TCh-CRO"]
[Site "Rabac CRO"]
[Date "2003.09.14"]
[Round "8"]
[White "Muse,M"]
[Black "Horvath,P1"]
[Result "0-1"]
[WhiteElo "2453"]
[BlackElo "2463"]

1.c4 e6 2.Nf3 d5 3.g3 Nf6 4.Bg2 Be7 5.O-O O-O 6.b3 c5 7.e3 Nc6 8.d3 e5 9.cxd5 Nxd5
10.a3 Be6 11.Bb2 f6 12.Nbd2 Nc7 13.Qc2 Rc8 14.Rfe1 Kh8 15.h3 Qd7 16.Kh2 Rfd8
17.Bf1 Bf7 18.Rac1 Na6 19.Qb1 Bg6 20.e4 Bf7 21.Bc3 Be6 22.Nc4 Nc7 23.a4 Na6
24.Rcd1 Nab4 25.Rd2 b6 26.Qd1 Bf8 27.Qa1 Qf7 28.Qb1 Rb8 29.Nh4 a6 30.f4 exf4
31.gxf4 Qh5 32.Ng2 Bxh3 33.Kg1 Nd4 34.Bxd4 Rxd4 35.Re3 b5 36.axb5 axb5 37.Na3 Rdd8
38.Nc2 Nc6 39.Qe1 Be6 40.Be2 Qf7 41.f5 Bxb3 42.Rh3 c4 43.Nf4 c3 44.Rxh7+ Kxh7
45.Qh4+ Kg8 46.Ng6 Qa7+ 47.Kg2 cxd2 48.Qh8+ Kf7 49.Qh5 Ke8  0-1

[Event "EYg16"]
[Site "Budva YUG"]
[Date "2003.09.16"]
[Round "4"]
[White "Polagaeva,K"]
[Black "Malysheva,P"]
[Result "0-1"]
[WhiteElo "2192"]
[BlackElo "2157"]

1.c4 e6 2.Nf3 d5 3.b3 c5 4.e3 Nc6 5.Bb2 Nf6 6.g3 Be7 7.Bg2 O-O 8.O-O b6 9.Nc3 Bb7
10.Qe2 Rc8 11.d3 Qc7 12.Ne1 Rfd8 13.f4 Qd7 14.Nd1 dxc4 15.bxc4 Qd6 16.Nf2 Nd7
17.Ne4 Qc7 18.f5 e5 19.g4 h6 20.Nf3 Nf6 21.Nxe5 Nxe5 22.Bxe5 Qxe5 23.Nxf6+ Bxf6
24.Bxb7 Rc7 25.Bd5 b5 26.Rab1 b4 27.Qf2 Bg5 28.Rfe1 Qe7 29.Re2 Re8 30.Be4 a5
31.Qf1 Qe5 32.Qd1 Ra7 33.Qa4 Rd8 34.Kg2 Qc3 35.Kf3 Qe5 36.Rd1 Re8 37.Qc2 Rae7
38.Qa4 Ra7 39.Qc6 a4 40.d4 cxd4 41.Rxd4 b3 42.axb3 axb3 43.Qb6 Ra2 44.Qxb3 Rxe2
45.Kxe2 Qxh2+ 46.Kf1 Rxe4  0-1

[Event "Saipa Cup"]
[Site "Tehran IRI"]
[Date "2003.09.18"]
[Round "6"]
[White "Mohajerin,P"]
[Black "Kayumov,S"]
[Result "0-1"]
[WhiteElo "2270"]
[BlackElo "2479"]

1.c4 e6 2.Nf3 d5 3.g3 Nf6 4.Bg2 Be7 5.O-O O-O 6.d4 c6 7.b3 a5 8.Nc3 b6 9.Bb2 Ba6
10.Ne5 Nfd7 11.cxd5 cxd5 12.Rc1 Ra7 13.Re1 Nxe5 14.dxe5 Nd7 15.Qd4 Bc5 16.Qd1 Nxe5
17.Nxd5 Ng4 18.e3 Nxf2 19.Kxf2 exd5 20.Bd4 Bb4 21.Rg1 Qd6 22.Qf3 Rd7 23.Rgd1 Ba3
24.Rc3 Bb4 25.Rcc1 Qg6 26.Bh3 f5 27.Kg1 h6 28.Rc2 Bb7 29.Rf2 Rdf7 30.Rdf1 Bc5
31.Qf4 Bd6 32.Be5 Bc5 33.Bg2 Qe6 34.Bd4 g5 35.Qf3 f4 36.gxf4 Bxd4 37.exd4 Rxf4
38.Qd3 Rxf2 39.Rxf2 Qe1+ 40.Rf1 Rxf1+ 41.Bxf1 Qe4 42.Qd2 Kg7 43.Bg2 Qf4 44.Qc3 h5
45.b4 axb4 46.Qxb4 Qe3+  0-1

[Event "Saipa Cup"]
[Site "Tehran IRI"]
[Date "2003.09.20"]
[Round "8"]
[White "Ghorbani,M"]
[Black "Roghani,A"]
[Result "0-1"]
[WhiteElo "2353"]
[BlackElo "2301"]

1.c4 e6 2.Nf3 d5 3.g3 Nf6 4.Bg2 dxc4 5.O-O a6 6.a4 Nc6 7.Na3 e5 8.Nxc4 e4
9.Ng5 Bc5 10.Ne3 Qe7 11.d3 exd3 12.Qxd3 h6 13.Ne4 Nxe4 14.Bxe4 Nb4 15.Qc4 O-O
16.Nf5 Bxf5 17.Bxf5 Rad8 18.e3 b6 19.a5 b5 20.Qe2 Rd5 21.Bg4 Rfd8 22.Bf3 R5d6
23.h4 Nd3 24.Bg2 Bb4 25.Qg4 c5 26.e4 c4 27.Qh5 Bc5 28.e5 Rg6 29.Qf3 Qxe5
30.Bf4 Qxb2 31.Be3 Rf6 32.Qe4 Bxe3 33.fxe3 Qe5 34.Rxf6 Qxf6 35.Rf1 Qe6 36.Qb7 c3
37.Be4 Nc5 38.Qc7 Rc8  0-1

[Event "2nd League TCh-SCG"]
[Site "Belgrade SCG"]
[Date "2003.09.27"]
[Round "1"]
[White "Ivanisevic,I"]
[Black "Tadic,B"]
[Result "1/2-1/2"]
[WhiteElo "2563"]
[BlackElo "2468"]

1.c4 e6 2.Nf3 d5 3.b3 c5 4.g3 Nc6 5.Bg2 Nf6 6.O-O Be7 7.cxd5 exd5 8.d4 Ne4
9.Bb2 Bf6 10.e3 Bg4 11.h3 Bxf3 12.Bxf3 O-O 13.Bxe4 dxe4 14.Nc3 cxd4 15.Nxe4 Be5
16.exd4 Bxd4 17.Bxd4 Nxd4 18.Rc1 Re8 19.Re1 Qb6  1/2-1/2

[Event "1st ch-Mediterranean"]
[Site "Beruit LIB"]
[Date "2003.09.27"]
[Round "2"]
[White "Sebenik,M"]
[Black "Najjar,A"]
[Result "1-0"]
[WhiteElo "2425"]
[BlackElo "2367"]

1.c4 e6 2.Nf3 d5 3.g3 Nf6 4.Bg2 Nbd7 5.b3 Bd6 6.O-O O-O 7.Bb2 c6 8.d4 Ne4
9.Ne5 f5 10.Nd3 Qg5 11.Ba3 Bxa3 12.Nxa3 Rf6 13.Nf4 Rh6 14.b4 Qe7 15.f3 Ng5
16.Qb3 a6 17.Rae1 Nf6 18.Nb1 dxc4 19.Qxc4 Nd5 20.Qc5 Qxc5 21.bxc5 Ne3 22.Rf2 Bd7
23.Na3 Rd8 24.Rc1 Bc8 25.Nc4 Nxc4 26.Rxc4 Nf7 27.Nd3 g5 28.f4 Rg6 29.e3 h5
30.Bf3 g4 31.Bg2 Kg7 32.Rb4 h4 33.Nb2 hxg3 34.hxg3 Rd7 35.Nc4 Rc7 36.Rfb2 Kf6
37.e4 fxe4 38.Bxe4 Rh6 39.Ne3 Rh8 40.Nxg4+ Ke7 41.Kg2 Rd7 42.Bg6 Nh6 43.Ne5 Rdd8
44.g4 Rdf8 45.Rf2 Rhg8 46.g5 Nf5 47.Bxf5 exf5 48.Kg3 Kd8 49.Rh2 Rg7 50.Nc4 Kc7
51.Nd6 Re7 52.Kf2 b5 53.Rb3 Be6 54.Re3 Kd7 55.Kg3 a5 56.Rh6 Bxa2 57.Ra3 Bd5
58.Rxa5 Re3+ 59.Kh4 Re2 60.Ra7+ Kd8 61.Ra8+ Ke7 62.Rh7+ Ke6 63.Rh6+ Ke7 64.Rh7+ Ke6
65.Rxf8 Rh2+ 66.Kg3 Rxh7 67.Nxf5 Rf7 68.Rxf7 Kxf7 69.Kf2 b4 70.Ke2 Bc4+ 71.Kd2 Kg6
72.Ne7+ Kh5 73.Nxc6 b3 74.Kc3  1-0

[Event "2nd League TCh-SCG"]
[Site "Belgrade SCG"]
[Date "2003.09.28"]
[Round "2"]
[White "Cvetkovic,Sr"]
[Black "Vasiljevic,D"]
[Result "1/2-1/2"]
[WhiteElo "2409"]
[BlackElo "2327"]

1.c4 e6 2.Nf3 d5 3.d4 Nf6 4.Nc3 Be7 5.Bg5 Ne4 6.Bxe7 Qxe7 7.Rc1 O-O 8.e3 Nxc3
9.Rxc3 c6 10.Bd3 dxc4 11.Rxc4 b6 12.O-O Bb7 13.Qb1 g6 14.Rfc1 Na6 15.a3 c5
16.Ra4 Nb8 17.dxc5 bxc5 18.Be4 Bxe4 19.Qxe4 Nd7 20.Rac4 Rab8 21.R4c2 Qf6
22.Rd2 Rfd8 23.Qf4 Qxf4 24.exf4  1/2-1/2

[Event "ch-IRI"]
[Site "Mashad IRI"]
[Date "2003.09.28"]
[Round "6"]
[White "Akbarinia,S"]
[Black "Roghani,A"]
[Result "1-0"]
[WhiteElo "2278"]
[BlackElo "2301"]

1.c4 e6 2.Nf3 d5 3.d4 c5 4.cxd5 exd5 5.g3 Nc6 6.Bg2 Nf6 7.O-O Be7 8.dxc5 Bxc5
9.Nbd2 O-O 10.Nb3 Bb6 11.Nbd4 Re8 12.h3 Ne4 13.e3 Qf6 14.Qd3 Qh6 15.h4 Bg4
16.Nxc6 bxc6 17.Nd4 c5 18.Ne2 Rad8 19.f3 c4 20.Qc2 Bxe3+ 21.Kh2 Nxg3 22.Kxg3 Qd6+
23.Kxg4 Qh2 24.Ng3 g6 25.f4 Bxc1 26.Raxc1 Re3 27.Rf3 h5+ 28.Nxh5 gxh5+ 29.Kxh5 Rd6
30.Rh1 Rxf3 31.Rxh2 Rg3 32.Qf5 Rdg6 33.Bxd5  1-0

[Event "ECC"]
[Site "Rethymnon GRE"]
[Date "2003.09.28"]
[Round "1"]
[White "Trauth,M"]
[Black "Knaak,R"]
[Result "0-1"]
[WhiteElo "2202"]
[BlackElo "2480"]

1.Nf3 e6 2.c4 d5 3.g3 Nf6 4.Bg2 Be7 5.b3 a5 6.Bb2 a4 7.Na3 O-O 8.O-O Nc6
9.d3 Re8 10.e3 e5 11.Nb5 Bf8 12.d4 a3 13.Bc3 e4 14.Ne5 Nb8 15.cxd5 c6 16.dxc6 bxc6
17.Bxe4 Nxe4 18.Qf3 f5 19.g4 cxb5 20.gxf5 Qg5+  0-1

[Event "ECC Women"]
[Site "Rethymnon GRE"]
[Date "2003.09.29"]
[Round "2"]
[White "Dotan,V"]
[Black "Grabuzova,T"]
[Result "0-1"]
[WhiteElo "2029"]
[BlackElo "2362"]

1.Nf3 e6 2.c4 d5 3.d4 c5 4.cxd5 exd5 5.Nc3 Nc6 6.g3 Nf6 7.Bg2 Be7 8.O-O O-O
9.b3 Ne4 10.Bb2 Bf6 11.e3 Bf5 12.Rc1 cxd4 13.exd4 Nxc3 14.Bxc3 Be4 15.Ne5 Bxg2
16.Nxc6 bxc6 17.Kxg2 Qb6 18.Re1 Rfe8 19.Qd2 g6 20.Rxe8+ Rxe8 21.Rd1 Re4 22.Qd3 h5
23.Rd2 h4 24.Bb2 Qb4 25.f3 Re6 26.Rf2 Qe1 27.Qd2 Kg7 28.Qxe1 Rxe1 29.Rd2 Bg5
30.f4 Bf6 31.Ba3 Re4 32.Bc5 a6 33.Kf3 g5 34.Bb6 Kg6 35.fxg5 Bxg5 36.Rc2 Re6
37.Bc7 Bf6 38.Bb6 hxg3 39.hxg3  0-1

[Event "ECC"]
[Site "Rethymnon GRE"]
[Date "2003.09.29"]
[Round "2"]
[White "Horvath,Jo1"]
[Black "Zhigalko,S"]
[Result "1/2-1/2"]
[WhiteElo "2519"]
[BlackElo "2399"]

1.c4 e6 2.Nf3 d5 3.d4 c6 4.e3 Bd6 5.Bd3 f5 6.O-O Nf6 7.b3 Qe7 8.Bb2 O-O 9.Ne5 Nbd7
10.Nd2 Ne4 11.f3 Nxd2 12.Qxd2 Nxe5 13.dxe5 Bc5 14.Bd4 Ba3 15.Qc2 b6 16.cxd5 cxd5
17.g4 g6 18.gxf5 gxf5 19.Kh1 Kh8 20.Rg1 Bc5 21.Bxc5 bxc5 22.Rac1 c4 23.bxc4 dxc4
24.Qxc4 Bb7 25.Be2 Bd5 26.Qc7 Qxc7 27.Rxc7 Rfc8 28.Rd7 Rc2 29.Rgg7 Rxe2 30.Rxh7+  1/2-1/2

[Event "1st ch-Mediterranean"]
[Site "Beruit LIB"]
[Date "2003.10.01"]
[Round "5"]
[White "Abdulaziz,M"]
[Black "Najjar,A"]
[Result "1/2-1/2"]
[WhiteElo "2168"]
[BlackElo "2367"]

1.c4 e6 2.Nf3 d5 3.g3 Nf6 4.Bg2 c5 5.O-O Be7 6.cxd5 exd5 7.d4 b6 8.Nc3 O-O
9.Qc2 Nc6 10.Rd1 Be6 11.b3 Rc8 12.Bb2 Re8 13.Rac1 Ng4 14.Qd2 cxd4 15.Nb5 Bb4
16.Qf4 d3 17.Rxd3 Bc5 18.e3 Qe7 19.Ng5 Nb4 20.Rdd1 a6 21.Nxe6 fxe6 22.Nd4 Nf6
23.a3 Bd6 24.Qg5 Rxc1 25.Bxc1 Na2 26.Bb2 Bxa3 27.Nc6 Qf8 28.Bxf6 Qxf6 29.Qxf6 gxf6
30.Ra1 Nb4 31.Nxb4 Bxb4 32.Rxa6 Rb8 33.Ra7 Rc8 34.Bh3 Rc6 35.Rd7 f5 36.g4 fxg4
37.Bxg4 Bf8 38.Bh5 b5 39.Bf7+ Kh8 40.Be8 Rb6 41.Rf7 Kg8 42.Rf6 Kg7 43.Rf7+ Kg8
44.Rf6 Kg7 45.Rf7+ Kg8 46.Rf6 Kg7 47.Rf7+ Kg8  1/2-1/2

[Event "2nd League TCh-SCG"]
[Site "Belgrade SCG"]
[Date "2003.10.05"]
[Round "9"]
[White "Mozetic,D"]
[Black "Stevanovic,Vl"]
[Result "0-1"]
[WhiteElo "2448"]
[BlackElo "2358"]

1.c4 e6 2.Nf3 d5 3.d4 Nf6 4.Nc3 Be7 5.e3 O-O 6.Bd3 b6 7.O-O Bb7 8.cxd5 exd5
9.b3 Re8 10.Bb2 Ne4 11.Rc1 a6 12.Qc2 Bd6 13.Ne5 Nf6 14.Ne2 Qe7 15.Nf4 Nbd7
16.Nc6 Qf8 17.Bf5 Bc8 18.g3 g6 19.Bh3 g5 20.Ne2 Qh6 21.Bg2 Nf8 22.Ne5 Bh3
23.f3 Ng6 24.g4 Bxg2 25.Kxg2 Nxe5 26.dxe5 Bxe5 27.Bxe5 Rxe5 28.Qxc7 Rxe3
29.Ng3 Rae8 30.Rc6 R3e6 31.Rxe6 Rxe6 32.Qc8+ Qf8 33.Qxa6 Qc5 34.Rf2 d4 35.Nf5 h5
36.Qa8+ Kh7 37.Qd8 hxg4 38.fxg4 Nxg4 39.Qxg5 Rg6 40.Qh4+ Nh6+ 41.Ng3 Qd5+
42.Kf1 Kg7 43.Qe4 Qb5+ 44.Kg2 Rg4 45.Qf3 Qe5 46.Re2 Qg5 47.h3 Rh4 48.Re4 Rxe4
49.Qxe4 f6 50.Kf3 Qc5 51.h4 b5 52.h5 f5 53.Qb7+ Nf7 54.Qa6 Ng5+  0-1